• 首页
  • 本馆介绍
  • 公告通知
  • 最新文献
  • 馆藏检索
  • 电子资源
  • 读者导购
  • 参考咨询
  • 我的图书馆
  • 登录
  • 详细信息显示
  • 放入我的书架
  • 预约/预借图书
  • 作者相关作品
  • 分类相关作品
  • 丛书相关作品
  • 出版社相关作品

书目信息

  • 表格格式
  • 工作单格式
  • 卡片格式
题名:
跟着案例学Flash CS5课件制作
    
 
作者: 刘华 , 缪亮 编著
分册:  
出版信息: 北京   清华大学出版社  2012
页数: 10,474页
开本: 26cm
丛书名:
单 册:
中图分类: G434
科图分类:
主题词: 多媒体课件 , 软件工具 , 多媒体课件--制作--软件工具
电子资源:
ISBN: 978-7-302-28425-3
000 01048nam0 2200277 45
001 1355757843
005 20130515150052.00
010    @a978-7-302-28425-3@dCNY49.50
100    @a20130108d2012 em y0chiy50 ea
101 0  @achi
102    @aCN@b110000
105    @aa z 000yy
106    @ar
200 1  @a跟着案例学Flash CS5课件制作@AGen Zhuo An Li Xue Flash CS5 Ke Jian Zhi Zuo@f刘华,缪亮编著@FLiu Hua, Miu Liang Bian Zhu
210    @a北京@c清华大学出版社@d2012
215    @a10,474页@c图@d26cm@e附光盘1片
307    @a附光盘:ISBN 978-7-89444-857-6
330    @a本书分为三部分,第一部分为基础制作篇,主要讲解Flash软件的界面及一些基础概念、图形的绘制与处理、文本的处理、各种类型的动画制作,以及音视频运用;第二部为基础编程篇;第三篇为综合制作篇,分科介绍14个大型综合课件的制作。
606 0  @a多媒体课件
606 0  @a软件工具
606 0  @a多媒体课件@x制作@x软件工具
690    @aG434@v5
701  0 @a刘华@ALiu Hua@4编著
701  0 @a缪亮@AMiu Liang@4编著
801    @aCN@bTANGWEI@c20130112
905    @b0832499-503@dG434@e104@f5
    
    跟着案例学Flash CS5课件制作/刘华,缪亮编著.-北京:清华大学出版社,2012
    10,474页:图;26cm+附光盘1片
    
    
    ISBN 978-7-302-28425-3:CNY49.50
    本书分为三部分,第一部分为基础制作篇,主要讲解Flash软件的界面及一些基础概念、图形的绘制与处理、文本的处理、各种类型的动画制作,以及音视频运用;第二部为基础编程篇;第三篇为综合制作篇,分科介绍14个大型综合课件的制作。
●
相关链接 在E读中查询图书 在五车中查询图书 在当当中查询图书 在豆瓣中查询图书


正题名:跟着案例学Flash CS5课件制作     索取号:G434/104         预约/预借

序号 登录号 条形码 馆藏地/架位号 状态 备注
1 0832499   208324990   第一样本阅览室/ [索取号:G434/104] 在馆    
2 0832500   208325007   第四借阅区/ [索取号:G434/104] 在馆    
3 0832501   208325016   第四借阅区/ [索取号:G434/104] 在馆    
4 0832502   208325025   第四借阅区/ [索取号:G434/104] 在馆    
5 0832503   208325034   第四借阅区/ [索取号:G434/104] 在馆    
唐山师范学院图书馆 欢迎您!
大连网信软件有限公司© 版权所有